00977nam a2200253 a 450000100100000000500170001000800410002702000180006804000250008608200190011110000290013024501590015926000350031830000280035350000760038150400320045765000260048965000250051565000320054065000330057270000270060570000460063271000450067800000560720250312134346.0090820s2007 dr a 001 0 spa d a9789993425724 aDO-SdBNPbspacBNPHU a616.075bB796s1 aBrache Espinal, Ceferino10aSemiología quirúrgica :bantología de experiencias, textos y casos /cCeferino Brache Espinal, Ludwig Frontier Ramos ; prólogo Miguel R. Brache E. aSanto Domingo :bINTEC,c2007. a288 p. :bil. ;c24 cm. aIncluye datos biográficos de los autores en la solapa y contraportada aBibliográfia : p. 283-284 4aSemiologia (medicina) 4aHistorias clínicas 0aDiagnóstico quirúrgico  4aExamén físico (medicina)12aFrontier Ramos, Ludwig12aBrache E., Miguel Rayner,d1982-epról.2 aInstituto Tecnológico de Santo Domingo